1983 1654 1436 1886 1106 1142 1912 1755 1117 1375 1791 1719 1303 1913 1974 1958 1953 1603 1703 1985 1629 1061 1250 1214 1511 1983 1651 1680 1674 1347 1522 1603 1916 1863 1695 1427 1974 1864 1304 1590 1667 1117 1274 1271 1389 1594 1923 1386 1403 1455 1095 1422 1370 1293 1364 1490 1456 1349 1405 1677 1238 1706 1469 1998 1341 1970 1335 1507 1677 1380 1683 1071 1478 1870 1040 1678 1818 1440 1476 1158 1891 1254 1520 1932 1561 1238 1182 1383 1730 1544 1800 1050 1605 1904 1928 1899 1190 1044 1915 BCNSPRNW ULIB Ver.6.0+V

เปลี่ยนเป็นภาษาไทย

Change to English
 แสดงรายละเอียดบรรณานุกรม
  กลับหน้าหลัก

Brief Record : Get Marc (ISO 2709) : E-mail record : QR code < ปิดหน้าต่าง
LEADER : 00000nam 2200000uu 4500
001    13399113130
003     ULIB
008    110927s2548||||th 000 0 tha d
020    9742986363
050 04 Q158.5^bP111 2548
100 0  ปริศนา สิริอาชา
245 10 ภูมิศาสตร์กายภาพ =^bEssential atlas of physical geography /^cปริศนา สิริอาชา
246 31 Essential atlas of physical geography
260    กรุงเทพฯ :^bสุวีริยาสาส์น,^c2548
300    96 หน้า :^bภาพประกอบ
504    บรรณานุกรม: หน้า 96
650  7 ภูมิศาสตร์กายภาพ
945    ^p300^l0^i026584
945    ^p300^l0^i028751
945    ^p300^l0^i028942
945    ^p300^l0^i028943
995    ทศพร
999 ^a ทศพร
รายการนี้ยังไม่มีแท็ก
คุณยังไม่ได้ล็อกอิน คุณสามารถมีกิจกรรมร่วมกับเว็บไซต์ได้ แต่ต้องล็อกอินก่อน ::
  ล็อกอิน

รายการสื่อสารสนเทศ

ลำดับที่ ประเภท เลขเรียก/บาร์โค้ด สถานที่ สถานะ
- ไม่พบข้อมูล -

รายการใกล้เคียง
    ผู้แต่ง [ปริศนา สิริอาชา]

    หัวเรื่อง [ภูมิศาสตร์กายภาพ]

BibComment


ยังไม่เคยถูกคอมเมนท์

คอมเมนท์ทรัพยากรรายการนี้
  คอมเมนท์: ภูมิศาสตร์กายภาพ ..


 Copyright 2026. Bcnsprnw @Library